00738nam a2200193 a 450000100060000000300080000600500170001400800410003103500140007204000380008604100080012408200250013210000400015724501620019726000390035930000340039850000960043265000160052872755BD-RjUL20211209082315.0170523s1967 enka 000 0 eng d a(BD-RjUL) aDLC/ICUcICUd(BD-RjUL)72973beng aeng00223a582.13bHUK 19671 aHutchinson, J.q(John),d1884-1972.10aKey to the families of flowering plants of the world :bRevised and enlarged for use as a supplement to The genera of flowering plants /c[by] J. Hutchinson. aOxford :bClarendon Press,cc1967. a[8], 117 p. :bill. ;c24 cm. aOriginally published as Key to families included in The families of flowering plants. 1959. 0aAngiosperms